The Northern Kingdoms of The Witcher - Statistics

General Stats
  • This quiz has been taken 96 times
    94 since last reset
  • The average score is 8 of 13
Answer Stats
Answer % Correct
Redania
99%
Temeria
91%
Cintra
80%
Kaedwen
78%
Kovir and Poviss
78%
Lyria and Rivia
72%
Aedirn
71%
Skellige
54%
Cidaris
35%
Brokilon
30%
Verden
28%
Kerack
22%
Hengfors League
17%
No matching quizzes found
Score Distribution
Percent of People with Each Score
Percentile by Number Answered
Your Score History
You have not taken this quiz since the last reset